[Event "Regionalliga SO 9899"]
[Site "Bayern"]
[Date "1999.??.??"]
[Round "8.8"]
[White "Unterreitmeier, Reinhold"]
[Black "Jurasic, Marinko"]
[Result "1/2-1/2"]
[WhiteElo "1855"]
[BlackElo "1800"]
[PlyCount "30"]
[EventDate "1998.??.??"]
[EventType "team-tourn"]
[EventRounds "9"]
[EventCountry "GER"]
[SourceTitle "EXT 2020"]
[Source "ChessBase"]
[SourceDate "2019.10.17"]
[SourceVersion "1"]
[SourceVersionDate "2019.10.17"]
[SourceQuality "1"]
[WhiteTeam "Dorfen PSV"]
[BlackTeam "Straubing PSV"]
[WhiteTeamCountry "GER"]
[BlackTeamCountry "GER"]

1. e4 e5 2. Nc3 Nc6 3. f4 exf4 4. Nf3 Be7 5. Bc4 Bh4+ 6. Kf1 d6 7. d4 Bg5 8. Nd5 Bg4 9. Nxf4 Bxf4 10. Bxf4 Bxf3 11. gxf3 Qh4 12. Bg3 Qh3+ 13. Kf2 Nge7 14. c3 0-0 15. Qf1 Qh5 1/2-1/2

[Event "Regionalliga SO 9697"]
[Site "Bayern"]
[Date "1997.02.02"]
[Round "4"]
[White "Unterreitmeier, Reinhold"]
[Black "Heyne, Martin"]
[Result "0-1"]
[WhiteElo "1875"]
[BlackElo "1860"]
[PlyCount "56"]
[EventDate "1996.10.13"]
[EventType "team-tourn"]
[EventRounds "9"]
[EventCountry "GER"]
[SourceTitle "EXT 1999"]
[Source "ChessBase"]
[SourceDate "1998.11.16"]
[SourceVersion "1"]
[SourceVersionDate "1998.11.16"]
[SourceQuality "1"]
[WhiteTeam "Dorfen PSV"]
[BlackTeam "Waldkirchen TSV"]
[WhiteTeamCountry "GER"]
[BlackTeamCountry "GER"]

1. e4 e6 2. d4 d5 3. exd5 exd5 4. Bd3 c5 5. Qe2+ Be6 6. dxc5 Bxc5 7. f4 Ne7 8. Nf3 0-0 9. Be3 d4 10. Bf2 Nd5 11. Nxd4 Bxd4 12. Bxd4 Nxf4 13. Qe5 Nxd3+ 14. cxd3 Qh4+ 15. g3 Qg4 16. Qe4 Nc6 17. Bc3 Qh3 18. Kd1 Rad8 19. Re1 Bf5 20. Qf4 Bxd3 21. Nd2 Qxh2 22. Qe3 Bg6 23. b3 Rd3 24. Qc5 Rfd8 25. Re2 Bh5 26. Qg5 Qxe2+ 27. Kc2 Bg6 28. Kb2 Rxd2+ 0-1

[Event "Regionalliga SO 9697"]
[Site "Bayern"]
[Date "1996.12.03"]
[Round "3"]
[White "Unterreitmeier, Reinhold"]
[Black "Guenther, Carsten"]
[Result "0-1"]
[WhiteElo "1875"]
[BlackElo "1925"]
[PlyCount "110"]
[EventDate "1996.10.13"]
[EventType "team-tourn"]
[EventRounds "9"]
[EventCountry "GER"]
[SourceTitle "EXT 1999"]
[Source "ChessBase"]
[SourceDate "1998.11.16"]
[SourceVersion "1"]
[SourceVersionDate "1998.11.16"]
[SourceQuality "1"]
[WhiteTeam "Dorfen PSV"]
[BlackTeam "Unterpfaff Germering"]
[WhiteTeamCountry "GER"]
[BlackTeamCountry "GER"]

1. e4 d6 2. d4 Nf6 3. Nc3 g6 4. Bg5 Bg7 5. f3 c6 6. Qd2 Qa5 7. Bd3 Nbd7 8. Nge2 b5 9. d5 b4 10. dxc6 Ne5 11. Nd1 Nxc6 12. Bc4 Bb7 13. Bh4 0-0 14. Bf2 Ne5 15. Bb3 d5 16. exd5 Bxd5 17. Bxd5 Nxd5 18. 0-0 Rfd8 19. Qe1 Nc6 20. c3 Rab8 21. cxb4 Ndxb4 22. a3 Qa6 23. Bg3 Rb7 24. Rb1 Nd3 25. Qd2 Nxb2 26. Qc2 Nxd1 27. Rxb7 Qxb7 28. Rxd1 Rxd1+ 29. Qxd1 Qc8 30. Qc1 Qd7 31. h3 Ne5 32. Qc5 Nd3 33. Qe3 Nb2 34. Qb3 Qd1+ 35. Qxd1 Nxd1 36. a4 Nc3 37. Nxc3 Bxc3 38. Kf2 Kf8 39. Ke2 Ke8 40. Kd3 Ba5 41. Kc4 Kd7 42. Kb5 Bb6 43. a5 Bd4 44. Ka6 e5 45. Kb7 f5 46. Be1 e4 47. fxe4 fxe4 48. g4 e3 49. h4 h5 50. gxh5 gxh5 51. Ka6 Kc6 52. Bc3 Kd5 53. Be1 e2 54. Kb5 Ke4 55. Kc4 Be3 0-1

[Event "Regionalliga SO 9596"]
[Site "Bayern"]
[Date "1996.02.25"]
[Round "6"]
[White "Hamberger, Robert"]
[Black "Unterreitmeier, Reinhold"]
[Result "1/2-1/2"]
[WhiteElo "1905"]
[BlackElo "1910"]
[PlyCount "22"]
[EventDate "1995.10.15"]
[EventType "team-tourn"]
[EventRounds "9"]
[EventCountry "GER"]
[SourceTitle "EXT 1999"]
[Source "ChessBase"]
[SourceDate "1998.11.16"]
[SourceVersion "1"]
[SourceVersionDate "1998.11.16"]
[SourceQuality "1"]
[WhiteTeam "Waldkirchen TSV"]
[BlackTeam "Dorfen PSV"]
[WhiteTeamCountry "GER"]
[BlackTeamCountry "GER"]

1. d4 Nf6 2. Nf3 g6 3. b3 Bg7 4. Bb2 0-0 5. e3 d5 6. Bd3 Nc6 7. Nbd2 Nb4 8. Ne5 Nxd3+ 9. Nxd3 Bf5 10. 0-0 Nd7 11. Qe2 c5 1/2-1/2

[Event "Regionalliga SO 9596"]
[Site "Bayern"]
[Date "1995.11.05"]
[Round "2"]
[White "Unterreitmeier, Reinhold"]
[Black "Kramer, Kurt Melik"]
[Result "1/2-1/2"]
[WhiteElo "1910"]
[BlackElo "1960"]
[PlyCount "44"]
[EventDate "1995.10.15"]
[EventType "team-tourn"]
[EventRounds "9"]
[EventCountry "GER"]
[SourceTitle "EXT 1999"]
[Source "ChessBase"]
[SourceDate "1998.11.16"]
[SourceVersion "1"]
[SourceVersionDate "1998.11.16"]
[SourceQuality "1"]
[WhiteTeam "Dorfen PSV"]
[BlackTeam "Ebersberg Grafing"]
[WhiteTeamCountry "GER"]
[BlackTeamCountry "GER"]

1. e4 d5 2. exd5 Qxd5 3. Nc3 Qd6 4. d4 Nf6 5. Nf3 a6 6. Be2 Nbd7 7. 0-0 e6 8. Bg5 c5 9. Bh4 Be7 10. Bg3 Qc6 11. dxc5 Bxc5 12. Nd4 Bxd4 13. Qxd4 0-0 14. Rad1 Re8 15. Bf3 Qb6 16. Qc4 Qc5 17. Qb3 Ne5 18. Be2 b5 19. Rfe1 Nc6 20. Bd6 Qa7 21. Bf3 Bb7 22. Bxc6 Bxc6 1/2-1/2

[Event "Regionalliga SO 9596"]
[Site "Bayern"]
[Date "1995.10.15"]
[Round "1"]
[White "Zankl, Thomas"]
[Black "Unterreitmeier, Reinhold"]
[Result "1/2-1/2"]
[WhiteElo "1840"]
[BlackElo "1910"]
[PlyCount "58"]
[EventDate "1995.10.15"]
[EventType "team-tourn"]
[EventRounds "9"]
[EventCountry "GER"]
[SourceTitle "EXT 1999"]
[Source "ChessBase"]
[SourceDate "1998.11.16"]
[SourceVersion "1"]
[SourceVersionDate "1998.11.16"]
[SourceQuality "1"]
[WhiteTeam "Pfarrkirchen SC"]
[BlackTeam "Dorfen PSV"]
[WhiteTeamCountry "GER"]
[BlackTeamCountry "GER"]

1. d4 Nf6 2. Nc3 g6 3. e4 d6 4. f3 Bg7 5. Be3 0-0 6. Qd2 c6 7. Bh6 e5 8. Bxg7 Kxg7 9. Nge2 Qe7 10. Nd1 Nbd7 11. c3 d5 12. dxe5 Nxe5 13. Ng3 dxe4 14. f4 Nd3+ 15. Bxd3 exd3+ 16. Qe3 Qd6 17. 0-0 c5 18. b3 Re8 19. Qd2 Bg4 20. Ne3 Rad8 21. h3 Be2 22. Ngf5+ gxf5 23. Nxf5+ Kg6 24. Nxd6 Rxd6 25. f5+ Kg7 26. Rfe1 Kh8 27. Kh2 Rdd8 28. Qh6 Rd6 29. Qf4 Rdd8 1/2-1/2

[Event "Landesliga Sued 9495"]
[Site "Bayern"]
[Date "1995.04.02"]
[Round "7.8"]
[White "Unterreitmeier, Reinhold"]
[Black "Link, Ulrich"]
[Result "0-1"]
[WhiteElo "1910"]
[BlackElo "2084"]
[PlyCount "24"]
[EventDate "1994.10.09"]
[EventType "team-tourn"]
[EventRounds "9"]
[EventCountry "GER"]
[SourceTitle "EXT 2020"]
[Source "ChessBase"]
[SourceDate "2019.10.17"]
[SourceVersion "1"]
[SourceVersionDate "2019.10.17"]
[SourceQuality "1"]
[WhiteTeam "Dorfen PSV"]
[BlackTeam "Krumbach"]
[WhiteTeamCountry "GER"]
[BlackTeamCountry "GER"]

1. e4 Nc6 2. Nc3 e5 3. f4 exf4 4. d4 Qh4+ 5. g3 fxg3 6. Nf3 g2+ 7. Nxh4 gxh1Q 8. Qe2 Nxd4 9. Qf2 Be7 10. Ng2 Ne6 11. Bf4 Bc5 12. Qg3 Qg1 0-1